| 000 | 00661pam a2200205 a 4500 | ||
|---|---|---|---|
| 005 | 20260130145606.0 | ||
| 008 | 930915s1994 caua b 001 0 eng | ||
| 020 | _a0534173888 | ||
| 020 | _a9780534173883 | ||
| 040 |
_aKABLIB _cKABLIB _erda |
||
| 082 | 0 | 0 |
_a302 _223 _bLIP |
| 100 | 1 |
_aLippa, Richard A. _914931 |
|
| 245 | 1 | 0 |
_aIntroduction to social psychology / _cRichard A. Lippa. |
| 250 | _a2nd ed. | ||
| 260 |
_aPacific Grove, Calif. : _bBrooks/Cole Publishing Co., _cc1994. |
||
| 300 |
_axxii. (various pagings) : _bill. (some col.) ; _c24 cm. |
||
| 504 | _aIncludes bibliographical references, index. | ||
| 650 | 0 | _aSocial psychology. | |
| 942 |
_2ddc _cBOOK |
||
| 999 |
_c5918 _d5918 |
||